Four Neg Omelette

Matt Booth, Max Fitz-James, Ben Russell Jones, Ali Izzatdust


Fine Arts - Auditory Fine Arts720.00100%86%14%
Fine Arts - Other Fine Arts616.6783%67%17%
Fine Arts - Visual Fine Arts417.50100%75%0%
Geography230.00100%100%100%
History - American History712.8686%29%14%
History - European History721.43100%100%14%
History - Other History616.67100%50%17%
History - World History310.00100%0%0%
Literature - American Literature320.00100%67%33%
Literature - British Literature720.0086%86%29%
Literature - European Literature721.43100%86%29%
Literature - World Literature623.3383%100%50%
Mythology620.00100%83%17%
Philosophy721.43100%100%14%
Pop Culture417.50100%75%0%
Religion514.00100%40%0%
Science - Biology714.29100%43%0%
Science - Chemistry510.0060%20%20%
Science - Other Science715.71100%43%14%
Science - Physics714.29100%29%14%
Social Science717.14100%71%0%